Pays limitrophes des Pays commençant par la lettre C - Statistiques

Statistiques générales
  • Ce quiz a été pris 596 fois
  • Le résultat moyen est 39 sur 45
Statistiques - réponses
Réponse % Correct
Argentine
98%
Corée du Nord
98%
Etats-Unis
98%
Pérou
98%
Corée du Sud
97%
Chine
96%
Laos
96%
Russie
96%
Viêt Nam
96%
Brésil
95%
Mongolie
95%
Bolivie
94%
Equateur
94%
Slovénie
94%
Venezuela
94%
Panama
93%
Thailande
93%
Serbie
92%
Bosnie-Herzégovine
91%
Inde
91%
Népal
90%
République Démocratique du Congo
90%
Nigeria
89%
Guinée
88%
Nicaragua
87%
Gabon
86%
Ghana
86%
Congo
85%
Monténégro
84%
Bhoutan
83%
Mali
82%
Pakistan
82%
Afghanistan
81%
Angola
81%
Birmanie
80%
Liberia
80%
Tchad
80%
Guinée Equatoriale
78%
Burkina Faso
77%
Hongrie
76%
Tadjikistan
76%
Cameroun
73%
Kazakhstan
73%
Kirghizistan
73%
République Centrafricaine
63%
Aucun quiz correspondant
Distribution des résultats
% des personnes avec chaque résultat
Percentile par nombre de réponses
Votre historique - résultats
Vous n’avez pas pris ce quiz